Statistics for Top 10 Boston Celtics Players

Click here to take the quiz!

General Stats

  • This quiz has been taken 5,029 times
  • The average score is 6 of 10

Answer Stats

Win Shares Years Position Player % Correct
145.81979-1992ForwardLarry Bird
97%
163.51956-1969CenterBill Russell
85%
138.41998-2012ForwardPaul Pierce
81%
113.01980-1993ForwardKevin McHale
68%
122.41980-1994CenterRobert Parish
60%
91.01950-1963GuardBob Cousy
58%
131.71962-1978ForwardJohn Havlicek
56%
92.31957-1969GuardSam Jones
33%
83.71970-1980CenterDave Cowens
26%
80.91951-1961GuardBill Sharman
11%

Score Distribution

Percentile by Number Answered

Percent of People with Each Score

Your Score History

You have not taken this quiz